000 00562nam a2200181Ia 4500
999 _c6580
_d6580
003 OSt
005 20200811113828.0
008 190216s9999||||xx |||||||||||||| ||und||
020 _a8176293407
040 _coclc
082 _a658.0072
_bARY/R
100 _aArya, P P
_94041
245 0 _aResearch Methodology In Management Theory And Case Studies /
_cP P Arya ; Yesh Pal
260 _bDeep&Deep Publications,
_c2004.
_aNewdelhi:
300 _a650p
650 _aResearch Methodology
942 _cBK
_2ddc
_h658.0072
_iARY/R
_k658.0072
_mARY/R